Lalach ka anjam/ (Record no. 614916)

000 -LEADER
fixed length control field 00378nam a22001217a 4500
082 ## - DEWEY DECIMAL CLASSIFICATION NUMBER
Classification number 297.5
Author Mark KHO
100 ## - MAIN ENTRY--PERSONAL NAME
Personal name Dr.Muhammad Iftikhar Khokhar/ ڈاکٹر محمد افتخار کھوکھر
245 ## - TITLE STATEMENT
Title Lalach ka anjam/
Remainder of title لالچ کا انجام
260 ## - PUBLICATION, DISTRIBUTION, ETC.
Place of publication, distribution, etc. لاہور:
Name of publisher, distributor, etc. دارالسلام پبلشرز,
Date of publication, distribution, etc. 2006.
300 ## - PHYSICAL DESCRIPTION
Extent 40p. ;
563 ## - BINDING INFORMATION
Binding note PB
942 ## - ADDED ENTRY ELEMENTS (KOHA)
Source of classification or shelving scheme
Koha item type Book
Holdings
Withdrawn status Lost status Source of classification or shelving scheme Damaged status Not for loan Permanent Location Current Location Shelving location Date acquired Source of acquisition Full call number Barcode Date last seen Price effective from Koha item type
          Central Library (CL) Central Library (CL) Children Section 09/26/2025 Donated by Children - Summer Camp, 2025. 297.5 KHO CL-CS-39 09/26/2025 09/26/2025 Children Section
© 2023 Central Library, National University of Sciences and Technology. All Rights Reserved.